000 00498nam a22001817a 4500
003 OSt
005 20161013085216.0
008 161013b xxu||||| |||| 00| 0 eng d
020 _a99923-0-013-2 (vol.28)
040 _cCRI
082 _aSv861
100 _940126
_aKijadurías, Alfonso
245 _aToda razón dispersa
_cAlfonso Kijadurías
260 _aSan Salvador
_bCONSULTURA
_c1998
300 _a196 p.
_c22 cm.
650 0 _921923
_aPoesía salvadoreña
942 _2ddc
_cBK
_hprozim
999 _c26208
_d26208